| 000 | 01312nam a2200253Ia 4500 | ||
|---|---|---|---|
| 003 | Ost | ||
| 005 | 20260507075652.0 | ||
| 008 | 260507s9999||||xx |||||||||||||| ||und|| | ||
| 020 | _a6139339977 | ||
| 040 | _cfsecg | ||
| 041 | _aara | ||
| 082 | _a384.5520956 | ||
| 100 |
_aسلمان، عبد الباسط _eمؤلف |
||
| 245 | 0 |
_aعولمة القنوات الفضائية / _c عبد الباسط سلمان |
|
| 260 |
_aالقاهرة: _bالدارالثقافية للنشر, _c2005 |
||
| 300 |
_a191 صفحة؛ _bإيضاحات ؛ _c24 سم |
||
| 520 | _aمفهوم العولمة- مظاهر العولمة وأهدافها- واقع البث الفضائي العربي- الدراما والبث التلفزيوني- الشكل والمضمون في الدراما البث التلفزيوني- الإفتراض الجديد للمرأة في البث الفضائي- العولمة في بيئة داما الطفل العربي- تحليل الأعمال. | ||
| 653 | _aالعولمة | ||
| 653 | _aالعولمة- المظاهر الثقافية- العالم العربي | ||
| 653 | _aالقنوات الفضائية- العالم العربي | ||
| 653 | _aوسائل الإتصال والإعلام | ||
| 700 |
_aاكباشي، محمود _eمؤلف ثانوي |
||
| 942 | _cكتاب | ||
| 999 |
_c45623 _d45623 |
||